[Event "Olympiad-36"]
[Site "Mallorca"]
[Date "2004.10.16"]
[Round "2"]
[White "Iuldachev, Saidali"]
[Black "Aronian, Levon"]
[Result "0-1"]
[WhiteElo "2550"]
[BlackElo "2675"]
[Annotator "Roiz,M"]
[PlyCount "64"]
[EventDate "2004.10.15"]
[EventType "team-swiss"]
[EventRounds "14"]
[EventCountry "ESP"]
[SourceTitle "CBM 104"]
[Source "ChessBase"]
[SourceDate "2005.01.27"]
[SourceVersion "1"]
[SourceVersionDate "2005.01.27"]
[SourceQuality "1"]
[WhiteTeam "Uzbekistan"]
[BlackTeam "Armenia"]
[WhiteTeamCountry "UZB"]
[BlackTeamCountry "ARM"]

1. e4 c5 2. Nc3 Nc6 3. Bb5 {That move has gained some popularity nowdays. The
main advantage of it compared to 1.e4 c5 2.Nf3 Nc6 3.Bb5 is a stay of white's
kside knight on g1 - white may use that, advancing his Pf2 and seizing a space
on the kside after 3...e6 4.Bxc6 bxc6 5.f4 or 3...g6 4.Bxc6 dxc6 5.Be3 b6 6.
Qd2 and f2-f4 later.} Nd4 {Ofcourse, this is the most principal answer.} 4. Bc4
(4. Ba4 $5 {--> is another interesting option, which was tested by GM Sergei
Tiviakov.}) 4... e6 5. Nf3 Nf6 ({Another popular continuations here are:} 5...
a6) ({and} 5... Ne7) 6. O-O ({Nothing promises:} 6. e5 d5 7. Nxd4 cxd4 8. Bb5+
Nd7 9. Ne2 Qg5 10. f4 $2 (10. Nxd4 Qxe5+ 11. Ne2 $11) 10... Qxg2 11. Ng3 Qh3
12. b3 Bc5 13. Bb2 O-O 14. Qe2 Qh4 $17 {0-1 Sedlak,N-Ermenkov,E/Subotica 2002/
CBM 87 ext (41)}) 6... a6 ({Immediate} 6... d5 $2 {is not possible because of}
7. exd5 exd5 8. Nxd5 $1 ({not} 8. Nxd4 dxc4 9. Re1+ Be7 10. Nf3 Nd5 11. d4 cxd3
12. Qxd3 Nxc3 13. Qxc3 O-O 14. Bf4 {1/2-1/2 Natter,S-Veselovsky,S/Wattens 1996/
EXT 2000 (14)}) 8... Nxd5 9. Nxd4 cxd4 10. Qh5 {with strong attack. For
example,} Ne7 (10... Be6 11. Re1 $16 {->}) (10... g5 11. Re1+ Be7 12. d3 $16 {
->} (12. Re5 $5) (12. Qxg5 $5)) 11. Qxf7+ Kd7 12. Re1 $16 {->}) (6... b5 7.
Nxb5 Nxb5 8. Bxb5 Nxe4 9. d4 $14 {0-1 Longson,A-Rowson,J/Port Erin 1999/CBM 74
no vc (34)}) 7. d3 {In my opinion, white can hardly fight for advantage with
such a quiet move.} ({More pretentious is:} 7. e5 d5 8. exf6 dxc4 9. fxg7 Bxg7
10. d3 cxd3 11. Qxd3 (11. cxd3 Bd7 12. Nxd4 Bxd4 13. Ne4 Bc6 14. Bg5 Qd5 15.
Rc1 Rg8 16. Bf6 Rg6 17. Bxd4 cxd4 $15 {0-1 Minasian,A-Parligras,M/Bled 2002/
EXT 2003 (56)}) 11... Bd7 12. Nxd4 Bxd4 13. Be3 Bc6 {--> 1-0 Tiviakov,
S-Fedorov,A/Wijk aan Zee 2001/CBM 81/[Tiviakov] (36) leads to a very
complicated struggle.}) (7. a4 d5 $1 (7... Qc7 8. h3 d6 9. d3 b6 10. Nxd4 cxd4
11. Ne2 Nxe4 12. Bxe6 fxe6 13. dxe4 e5 14. c3 Bb7 15. cxd4 Bxe4 16. Nc3 $16 {
1-0 Tiviakov,S-Heberla,B/Warsaw 2002/CBM 92 ext (21)}) 8. exd5 exd5 9. Re1+ Be7
10. Nxd5 Nxd5 11. Nxd4 cxd4 12. Qh5 Be6 13. Rxe6 Nf4 14. Rxe7+ Qxe7 15. Qd1 O-O
$17 {0-1 Wang Yu-Harika,D/Calicut 2003/CBM 95 ext (46)}) (7. Re1 b5 8. Bf1 Bb7
9. d3 Nxf3+ 10. Qxf3 d6 11. Qg3 g6 12. Qh4 Nd7 13. Bg5 Be7 14. Bxe7 Qxe7 15.
Qh6 Qf8 $11 {1/2-1/2 Heberla,B-Dziuba,M/Lubniewice 2002/CBM 91 ext (22)}) 7...
b5 {The most natural way of development-black exchanging white's bishop, while
Bb7 will be very powerful without an opponent.} (7... d5 8. exd5 (8. Bb3 Be7 9.
exd5 Nxb3 10. axb3 Nxd5 11. Nxd5 Qxd5 12. Re1 O-O 13. Re5 Qc6 14. Rh5 f6 $15 {
0-1 Rausis,I-Benjamin,J/Luzern 1993/CBM 38 (40)}) 8... b5 9. Bb3 Nxb3 10. axb3
b4 11. Na4 Nxd5 12. Ng5 Bb7 13. Re1 Nf6 14. Qe2 Be7 15. Ne4 Nxe4 16. dxe4 O-O
17. Bf4 Bc6 18. Red1 Qa5 19. Be3 $14 {0-1 Iuldachev,S-Mallahi,A/Tehran IRI
2004/The Week in Chess 515 (73)}) 8. Bb3 Nxb3 9. axb3 Bb7 10. e5 (10. Bg5 h6
11. Bh4 d6 12. Nd2 Be7 13. Bg3 d5 14. e5 Nd7 15. f4 g6 16. Nf3 d4 17. Ne4 Nb6
18. Qe1 Nd5 $15 {0-1 Tan,D-Fernandez Romero,E/Oropesa del Mar 2000/EXT 2001 
(61)}) 10... b4 $1 {The best answer on white's last move-black is fighting for
the central squares.} (10... Nd5 $143 11. Ne4 f5 (11... Qc7 $5) 12. exf6 Nxf6
13. Nfg5 $1 h6 14. Qf3 Bc6 15. Qh3 Bxe4 16. dxe4 Bd6 17. Re1 O-O 18. Nf3 Bc7
19. c4 $14 {1-0 Hamdouchi,H-Calistri,T/Bastia FRA 2004/The Week in Chess 495 
(27)}) 11. exf6 $2 $146 {[%mdl 16384] A dubious decision from strategical
point of view: the position becomes open, so black could exploit the power of
his bishops. At the same time, black's monarch will feel quite well in the
centre.} ({I would prefer:} 11. Nb1 Nd5 12. Nbd2 Be7 (12... d6 $5 13. Nc4 dxe5
14. Nfxe5 Be7 $11) 13. Nc4 (13. Ne4 O-O 14. Bg5 f6 15. exf6 gxf6 16. Bh6 Rf7
$15) 13... O-O 14. Nfd2 (14. Na5 Bc8 15. Qe2 f6 16. Bd2 Qc7 17. Rfe1 Rb8 $132 {
0-1 Shavtvaladze,N-Vouldis,A/Athens GRE 2004 (45)}) 14... f5 (14... f6 $142
$132) 15. Na5 Bc8 16. Ndc4 f4 17. Qf3 $14 {[%csl Rc8] 1-0 Gharamian,T-Wirig,A/
Clichy FRA 2004/The Week in Chess 482 (47)}) 11... bxc3 12. fxg7 ({After} 12.
bxc3 Qxf6 13. Bb2 Be7 14. Re1 Qg6 15. c4 O-O $17 {[%csl Gb7] black has a great
advantage, as white cannot neutralize the pressure of Bb7.}) 12... Bxg7 13.
bxc3 (13. d4 cxb2 14. Bxb2 Rg8 $17) 13... Bxc3 14. Ra4 {An original method of
activating the rook. Unfortunatelry for white, it doesn't change the valuation
of this position.} Rg8 $36 {[%csl Gb7,Rf3,Rg2,Gg8] Now it's clear,that Ke8 is
safer than Kg1!} 15. Bf4 $1 {White is trying to neutralize black's pressure on
Pg2 by putting his bishop on g3.} ({The alternative was:} 15. Rf4 d6 (15... Qe7
$5 16. Qe2 d6) 16. Qe2 {with the idea to meet} Be5 $140 {with a sacrifice:} 17.
Re4 $1 Bxe4 18. Qxe4 {with some counterplay, although black is still much
better.} Bf6 $17) (15. Be3 Qf6 16. Rf4 Qg7 17. g3 d6 $17) 15... Qf6 16. Bg3
Bxf3 {A transformation of black's advantage-now white's pawn structure on the
kside is ugly, so any endgame will be very hard.} (16... d6 17. Nd2 $15 {
[%cal Gd2e4]}) 17. gxf3 ({it's very important that after} 17. Qxf3 Qxf3 18.
gxf3 d5 $17 {[%csl Ra1,Gc3,Rf3,Rg3][%cal Yc3a1] white cannot attack the Pa6 as
''a1'' spot is under control of black. This means, that white has no plan and
is forced to wait.}) 17... h5 18. Kh1 Bd4 $6 {Cutting white's rook. Now white
is forced to weaken even more,as h5-h4 is a very unpleasant threat. At the
same time, that natural move seems to be inaccurate, as it allows white to get
some counterplay, which connected with b3-b4.} ({It was better to improve the
position by:} 18... d5 19. Qe2 Kd7 20. Rf4 Qg7 $17 {and white has no
counterplay at all.}) 19. h4 {[%cal Gb3b4] Now white has a plan of counterplay,
while black's pieces are not coordinated well (the Ra8 is still out of play).}
Ke7 {Connecting the rooks. But now black's king is not completely safe.} (19...
Qf5 20. Kh2 f6 21. Qe2 $15 {[%cal Gb3b4]}) ({Deserved attention a retreat:} 
19... Bc3 20. Rc4 Rc8 $15) 20. Qe2 {White has consolidated his position. Now
b3-b4 is practically unavoidable.} (20. b4 cxb4 21. Rxb4 a5 22. Ra4 Bc3 $15)
20... Rg6 21. Rg1 Rag8 {That sacrifice doesn't promise any advantage, but it's
hard to see any other reasonable idea.} ({Now} 21... Bc3 {fails to:} 22. Rf4
Qg7 23. Rf5 $1 $132) 22. Rxa6 {[%cal Gg3d6]} ({Only not} 22. b4 $2 Be5 $1 23.
bxc5 (23. Qe3 $1 Rxg3 $1 (23... Bxg3 24. fxg3 Rxg3 25. Qxc5+ Kd8 26. Qb6+ Ke8
27. Qb8+ Ke7 28. Qxg3 Rxg3 29. Rxg3 Qxh4+ 30. Kg2 $17) 24. fxg3 Bd4 25. Qe1
Bxg1 26. Qxg1 Qxf3+ 27. Kh2 cxb4 28. Rxb4 Rc8 $19) 23... Bxg3 24. fxg3 Rxg3 25.
Rxg3 Rxg3 $19) 22... Kf8 {That move forced in view of 23.Bd6+.} 23. Ra4 {
A good idea! After b3-b4 black couldn't keep his bishop on d4 for a long time.}
({White could also equalize after:} 23. Ra8+ Kg7 24. Rxg8+ Kxg8 25. Qe4 $1 {
(it's important to acticate the queen)} d5 26. Qf4 Qxf4 27. Bxf4 Bxf2 28. Rxg6+
fxg6 29. Bg5 Kf7 30. Kg2 Bd4 31. Bd2 $11 {the endgame should ended into a draw.
}) 23... Kg7 24. b4 cxb4 25. Rxb4 Kh7 {[%cal Gf6g7,Gf7f5] Black is intending
to advance his ''f'' pawn.} 26. Rg2 (26. Qe4 $5 Bc3 27. Rbb1 d5 28. Qf4 $11)
26... Qg7 ({White is out of danger after:} 26... d5 27. c4 Qf5 28. Kh2 $11 {
[%csl Gb4] because all his pieces are defending well.}) 27. Rb5 $2 {Missing
the last opportunity of activating the queen.} (27. Qe4 $142 $1 Bxf2 (27... Bc3
28. Rb8 d5 29. Rxg8 Kxg8 30. Qf4 $11) 28. Be5 $1 Qh6 (28... f5 29. Bxg7 fxe4
30. Rxf2 e3 31. Re2 R8xg7 32. Re4 Rg3 33. R4xe3 $11) 29. Bf4 (29. Rxf2 $4 Qc1+
30. Kh2 Qg1+ $19) 29... Qg7 $11) 27... f5 {[%csl Re4,Rh4][%cal Yf5e4] Now
white is in troubles again - he is practically unable to avoid the loss of Ph4.
} 28. Rg1 ({Maybe better was:} 28. c4 Bf6 29. Qe1 Qh6 (29... Bxh4 $143 30. Rh2
Bxg3 31. fxg3 Rh6 32. Rb7 $15) 30. f4 Qf8 $17 {[%csl Rg3,Rh4][%cal Gg6g4,Gf8d8]
although white's position is very hard.}) 28... e5 (28... Bxf2 $2 {leads only
to a draw:} 29. Qxf2 Rxg3 30. Qxg3 Qxg3 31. Rxg3 Rxg3 32. Rb7 $11) 29. f4 $2 {
That move leads to an immediate disaster.} ({More resistant was:} 29. Rbb1 Qf6
30. Rbe1 f4 31. Bh2 Qxh4 32. Rxg6 Rxg6 33. Rg1 Rxg1+ 34. Kxg1 Qg5+ 35. Kf1 Qf5
$17 {[%csl Rh2] although black's position seems to be winning anyway,as he is
practically a piece up!}) 29... Rg4 $19 {Now white cannot avoid a serious loss
of material.} 30. fxe5 (30. Rxe5 Bxe5 31. Qxe5 Rxh4+ 32. Kg2 Qxe5 33. fxe5 f4
$19) 30... f4 31. e6 {That allows an ellegant final blow, but white's position
was completely hopeless anyway.} (31. Qe4+ Kh8 $19) 31... Rxh4+ $1 32. Kg2
Qxg3+ $1 (32... Qxg3+ 33. fxg3 Rxg3+ 34. Kf1 Rxg1#) 0-1

[Event "ESP-chT Honor Gp1 49th"]
[Site "Merida"]
[Date "2005.08.26"]
[Round "3"]
[White "Zhang, Pengxiang"]
[Black "Eljanov, Pavel"]
[Result "1-0"]
[WhiteElo "2616"]
[BlackElo "2639"]
[Annotator "Roiz,M"]
[PlyCount "51"]
[EventDate "2005.08.24"]
[EventType "team"]
[EventRounds "5"]
[EventCountry "ESP"]
[SourceTitle "CBM 109"]
[Source "ChessBase"]
[SourceDate "2005.11.14"]
[SourceVersion "1"]
[SourceVersionDate "2005.11.14"]
[SourceQuality "1"]

1. e4 c5 2. Nf3 Nc6 3. Bb5 e6 4. Bxc6 ({Another fashionable line nowadays is-->
} 4. O-O Nge7 5. c3 a6 6. Ba4 b5 7. Bc2 Bb7) 4... bxc6 5. d3 Ne7 6. Qe2 {
In this variation black usually intends to activate his bishops by opening the
position, while White prefers to keep the closed type of the position in order
to exploit the drawback of black's pawn structure.} f6 {Black prevents White
from playing e4-e5 and keeps a flexible pawn structure.} ({The alternative
here is-->} 6... Ng6 7. h4 Qc7 {[%cal Gg6f4] which also leads to a very
complicated play.}) 7. Nh4 g6 8. e5 $5 {White is fighting for a space
advantage and doesn't allow to stabilize the situation by e6-e5.} (8. f4 Bg7 9.
Nf3 (9. O-O {--> see comments to 0-1 Vescovi,G-Novikov,S/Moscow 2004/CBM 100/
[Oratovsky,M] (40)}) 9... O-O 10. Qf2 $5 d6 11. Nc3 e5 $6 (11... h6 $5) 12.
fxe5 fxe5 13. Qh4 a5 14. Bh6 Qd7 15. O-O $16 {[%csl Re7,Rg8][%cal Gf3g5] 1-0
Glek,I-Krasenkow,M/Mainz 2002/CBM 89 ext (64). (63)}) 8... Bg7 9. f4 O-O 10.
Nf3 fxe5 {This natural tackle wasn't necessary.} (10... Nf5 {also deserves
attention:} {in order to meet} 11. Be3 {with} Nxe3 12. Qxe3 Bh6 $132) 11. fxe5
{The strategical drawbacks of Black's position are obvious, but he has some
development advantage.} Nf5 {[%cal Gf5d4] Intending to improve the pawn
structure after the exchange on d4.} 12. Be3 $146 {That logical move is new
according to my database. White is ready to exchange his bishop, since the
knights should be very mobile in this position.} ({Black faces no problems
after:} 12. c3 c4 $5 13. dxc4 (13. d4 c5 14. Bg5 Qa5 $36) 13... c5 14. O-O Bb7
15. Nbd2 Qc7 $44 {1/2-1/2 Najer,E-Sherbakov,R/Tomsk 2001/CBM 82 ext (15).})
12... Nd4 {This move gives White some time for completing the development.} ({
A double-edged position could arise after:} 12... Qb6 13. b3 Nxe3 (13... Nd4
14. Bxd4 cxd4 15. Nbd2 $14) 14. Qxe3 d5 15. Nbd2 Ba6 {[%cal Gc5c4]} 16. c4 Rf5
17. O-O Raf8 $132) 13. Bxd4 cxd4 14. Nbd2 c5 (14... d5 15. exd6 Qxd6 16. O-O
$14 {[%csl Re5][%cal Gd2c4]}) 15. h4 $5 {A very ambitious attempt to seize the
initiative.} ({Nothing special promises} 15. O-O Bb7 16. Nc4 Bd5 $132) 15...
Bb7 $2 {This natural move is premature and allows White to develop his
initiative.} ({Black should create some counterplay on the queen-side:} 15...
Rb8 16. h5 (16. Nc4 Ba6 17. Nfd2 Bh6 $15) (16. b3 Qa5 17. h5 gxh5 $132 {
[%cal Ga5c3]}) 16... gxh5 (16... Rxb2 $2 17. hxg6 hxg6 18. Nc4 Rb8 19. Qe4 $40)
17. Rxh5 (17. Nc4 Ba6 18. Nfd2 Qg5 $132) 17... Rxb2 18. Nc4 Rb8 $132) (15...
Rf5 $5 {also comes into consideration:} 16. Nc4 (16. g4 Rf4) 16... Bb7 17.
O-O-O Bd5 {[%csl Gf5] and Black shouldn't be worse with such a powerful Bd5.} (
17... h5 $5)) 16. h5 $36 {Now White's monarch feels safely in the centre,
while his collegue cannot be satisfied as well.} Qa5 {The pin is not that
important, while the Qa5 is too far away from the king-side.} ({However,i can
hardly recommend something better. For instance,} 16... g5 17. h6 Bh8 18. Rh5
$16 {[%csl Rg5,Rg8]}) ({or} 16... Bxf3 17. gxf3 (17. Nxf3 $5 Qa5+ 18. Kd1)
17... g5 (17... Qg5 18. hxg6 hxg6 19. O-O-O Qxe5 20. Qg2 $40) 18. h6 Bh8 19.
O-O-O Rf5 20. Nc4 $36) 17. hxg6 Bxf3 $2 {The light-squared bishop is Black's
most active piece, so there was no reason to exchange it.} ({After} 17... hxg6
18. Nh4 $1 Bh6 (18... g5 $2 19. Ng6 Rfb8 20. Qh5 $18) 19. Rd1 Rf7 20. Nxg6 Rh7
21. Rh5 $1 {Black's king is too compromised}) ({But better was:} 17... h6 18.
O-O Qc7 19. Nc4 Bd5 $16 {[%csl Gd5] and Black still in the play due to the
pair of the bishops, although White is a pawn up.}) 18. gxf3 {Now White also
has a great strategical advantage, as his knight is much stronger than the Bg7.
} h6 $2 {Now Black just remains with a pawn down in a completely lost position.
} ({Necessary was:} 18... hxg6 19. Qh2 (19. Kf2 Rf5 20. Nc4 Qc7 21. Rag1 Bxe5
22. Qe4 Raf8 23. Rxg6+ Kf7 $16) 19... Rf5 $1 {[%cal Gf5h5] Only that resourse
allows Black to continue the fight} (19... Kf7 20. Ke2 Qa4 21. Rag1 $18 {
[%csl Rg6][%cal Gh2h7,Gh2g3]}) (19... Rxf3 20. Qh7+ Kf8 21. O-O-O Rf2 (21...
Rf5 22. Rdg1 g5 23. Rf1 $18) 22. Ne4 $18) 20. Qh7+ Kf7 21. Rg1 Rg8 22. O-O-O
Kf8 (22... Qxa2 23. Rxg6 $18) 23. Rxg6 Rf7 24. Nb3 Qxa2 25. Qh4 Ke8 26. Qe4 $40
Rf5 {I believe White has a decisive attack, but there is no forced win yet.})
19. Rh5 {[%cal Ge1f2,Gd2c4] Protecting the key Pe5. Now Black's position is
completely hopeless.} Rf4 ({After} 19... Rab8 20. Kf2 $1 Rf5 (20... Rxb2 21.
Nc4 Qc3 22. Nxb2 Qxb2 23. Rhh1 $18) 21. Rxf5 exf5 22. Nc4 Qa6 23. f4 Qxg6 24.
Rg1 $18 {White has a completely winning position as well.}) 20. Qh2 {[%csl Rf4,
Rh6][%cal Gh5h6,Gh2f4]} Rf5 (20... Rxf3 21. Rxh6 $18) 21. Rxh6 Re8 {[%tqu "En",
"Please,find the winning move","","","h6h8","",10]} 22. Rh8+ $1 {That simple
blow immediately decides the game.} Bxh8 23. Qh7+ Kf8 24. Qxh8+ Ke7 25. Qh4+
Kf8 26. Qh7 {[%cal Gg6g7] Black resigns, as he cannot parry the threat 27.g7.}
1-0